LEADER 00695nam a2200193 i 4500 001 000000253515 003 CaOOAMICUS 005 20170331000000.0 008 170331s1647 xx u000 u fre u 013 $a232420 026 $aesre s-es ntos cona (3) 1657 (R) 040 $aSeMil$bita 245 10$aSeconde partie. 300 $a312 p. 773 0 $tCleopatre, dediée à Monseigneur le prince. [Premiere-douziesme et derniere partie].$dA Leyde : Chez Jean Sambix, 1648-1661.$g2$w()4300 850 $aSeMil 852 $aSeMil$W1$xVenegono$y1$m1W I 46 FA$j203861$B203861$CSeMilBibl$Z2$F217279 $8I 961 $aRecupero: Mantegazza 996 $6245$aSeconde partie$9(OLS)http://semarc/title/256016 LEADER 01064nam a2200253 i 4500 001 000000198393 003 CaOOAMICUS 005 20240408112206.0 008 110309s1997 it u000 u ita u 013 $a177081 040 $aSeMil$bita 100 1 $aTosi, Michele.$0(OLS)http://semarc/name/70718 245 13$aLa repubblica di Bobbio /$cMichele Tosi. 260 $aBobbio :$bpresso gli Archivi Storici Bobiensi,$c1997. 300 $a198 p., [16] c. di tav. :$bill. ;$c24 cm. 650 4$aBobbio.$0(OLS)http://semarc/subject/46157 650 4$aVal d'Aveto - Resistenza.$0(OLS)http://semarc/subject/37230 650 4$aVal Trebbia - Resistenza.$0(OLS)http://semarc/subject/37231 850 $aSeMil 852 $aSeMil$W1$xVenegono$y1$m3U VI 260$j148949$B148949$CSeMilBibl$Z2$F165897 $81 961 $aOmaggio: Grampa dott. Cesare 996 $6245$aLa repubblica di Bobbio$9(OLS)http://semarc/title/286661 996 $6260$aBobbio :$bpresso gli Archivi Storici Bobiensi$9(OLS)http://semarc/publisher/48509